Normal view
MARC view
- Oppenheim, Alan V with Hamid Nawab
Entry Personal Name
001 - CONTROL NUMBER
- control field: 9052
003 - CONTROL NUMBER IDENTIFIER
- control field: NUST
005 - DATE AND TIME OF LATEST TRANSACTION
- control field: 20180119104225.0
008 - FIXED-LENGTH DATA ELEMENTS
- fixed length control field: 180119|| aca||aabn | a|a d
040 ## - CATALOGING SOURCE
- Original cataloging agency: NUST
- Transcribing agency: NUST
100 ## - HEADING--PERSONAL NAME
- Personal name: Oppenheim, Alan V with Hamid Nawab
670 ## - SOURCE DATA FOUND
- Source citation: Work cat.: (NUST)300020: Oppenheim, Alan V with Hamid Nawab, Signal and Systems, 2nd Ed, 1997
